000 01217cam a2200229 4500
001 WB@3612-94
008 040707n2004 000 0 eng u
035 _a(Sirsi) u126724
245 _aCBI speaks out
260 _c2004
490 _aCBI News Release
_v5 July 2004 (3)
520 _aThe CBI speaks out over enforcement of environmental regulation - which it says is adding unnecessarily to an annual compliance bill of £4 billion. In it's report "The UK as a place to do business: UK environmental regulation", the CBI criticises the Environment Agency and DEFRA and says that regulations are badly designed and poorly implemented and that businesses are struggling to meet them. The report can be purchased from http://www.tso.co.uk/cbi/bookstore.asp?FO=1153079& DI=521482 £40 (ISBN 0852016034). http://www.cbi.org.uk/ndbs/press.nsf/0363c1f07c6ca 12a8025671c00381cc7/bf8f9cfbbe39dce280256ec3004064 49?OpenDocument
590 _aWB
590 _aWB
650 _aCOMPLIANCE
650 _aENVIRONMENTAL REGULATIONS
650 _aBUSINESS COSTS
650 _aENVIRONMENTAL LEGISLATION
650 _aREGULATORY CONCERNS
690 _aBUILDING AND CONSTRUCTION-REGULATION AND CONTROL
942 _n0
999 _c117661
_d117661